Animals Found in American Politics - Statistics

General Stats
  • This quiz has been taken 116 times
  • The average score is 7 of 15
Answer Stats
Clue(s) Answer % Correct
Symbol of the Republican Party Elephant
94%
Symbol of the Democratic Party Donkey
90%
Bird symbolic of finding peace Dove
80%
The media often covers campaigns as if they are a _____ race. Horse
59%
Those who advocate for interventionism and warfare are often called War _____'s Hawk
55%
Bo is the name of one of this president's dogs Barack Obama
53%
Blue ___ Democrats Dog
49%
Gerrymandering first became an issue when a county was redistricted to take the general shape of this amphibian Salamander
46%
The Progressive Party and who Teddy Roosevelt represented himself as Moose
42%
Self-proclaimed Republicans who act as if they're Democrats RINO
37%
In times of war, arrows will face itself; in times of peace, arrows will face away from itself; also a symbol of the Constitution Party. Bald Eagle
30%
Self- proclaimed Democrats who act as if they are Republicans DINO
29%
Symbol of the Libertarian Party Hedgehog
17%
This president had pet alligators! Herbert Hoover
13%
This president had a pet raccoon and pygmy hippopotamus! Calvin Coolidge
12%
No matching quizzes found
Score Distribution
Percent of People with Each Score
Percentile by Number Answered
Your Score History
You have not taken this quiz